| 000 | 00565nam a2200193Ia 4500 | ||
|---|---|---|---|
| 003 | GCL | ||
| 008 | 140319s9999 xx 000 0 ara d | ||
| 040 |
_aGCL / _cGCL |
||
| 082 | 0 | 4 |
_aق _b916.62 _bن ب |
| 100 | 1 | _aنسيم مقار | |
| 245 | 1 | 0 |
_aالبكباشى المصرى سليم قبطان والكشف عن منابع النيل / _cنسيم مقار |
| 300 | _a127 ص | ||
| 490 |
_a100 قصة _v0 |
||
| 650 | 0 | 4 | _aمصر |
| 650 | 0 | 4 | _aالسودان |
| 650 | 0 | 4 | _aالجغرافيا الطبيعية |
| 650 | 0 | 4 | _aنهر النيل |
| 942 |
_2ddc _cBK |
||
| 999 |
_c45377 _d45377 |
||